Producing composite materials based on ZrB[2], ZrB[2]-SiC; IOP Conference Series: Materials Science and Engineering; Vol. 156 : Materials and Technologies of New Generations in Modern Materials Science

Bibliografiske detaljer
Parent link:IOP Conference Series: Materials Science and Engineering
Vol. 156 : Materials and Technologies of New Generations in Modern Materials Science.— 2016.— [012035, 4 p.]
Institution som forfatter: Национальный исследовательский Томский политехнический университет (ТПУ) Институт физики высоких технологий (ИФВТ) Кафедра материаловедения в машиностроении (ММС)
Andre forfattere: Mirovoi Yu. A., Burlachenko A. G., Buyakova S. P. Svetlana Petrovna, Sevostiyanova I. N., Kulkov S. N. Sergey Nikolaevich
Summary:Title screen
The effect of mechanical treatment by planetary ball milling on the properties of hot pressed ZrB[2] - SiC ceramics was studied. It has been shown that material densification after mechanical treatment is finished at initial stages of sintering process. Addition of SiC causes a substantial increase in density of the sample to 99% of the theoretical powder containing 20% of silicon carbide, in comparison with samples ZrB[2] density not exceeding 76%. It has been shown that all defects which were accumulated during mechanical treatment anneal in hot pressure process and there are no any changes of CDD values in sintered ceramics.
Sprog:engelsk
Udgivet: 2016
Fag:
Online adgang:http://dx.doi.org/10.1088/1757-899X/156/1/012035
http://earchive.tpu.ru/handle/11683/36542
Format: MixedMaterials Electronisk Book Chapter
KOHA link:https://koha.lib.tpu.ru/cgi-bin/koha/opac-detail.pl?biblionumber=651470

MARC

LEADER 00000nla2a2200000 4500
001 651470
005 20240128191940.0
035 |a (RuTPU)RU\TPU\network\16719 
035 |a RU\TPU\network\16716 
090 |a 651470 
100 |a 20161114a2016 k y0engy50 ba 
101 0 |a eng 
105 |a y z 100zy 
135 |a drgn ---uucaa 
181 0 |a i  
182 0 |a b 
200 1 |a Producing composite materials based on ZrB[2], ZrB[2]-SiC  |f Yu. A. Mirovoi [et al.] 
203 |a Text  |c electronic 
300 |a Title screen 
320 |a [References: 4 tit.] 
330 |a The effect of mechanical treatment by planetary ball milling on the properties of hot pressed ZrB[2] - SiC ceramics was studied. It has been shown that material densification after mechanical treatment is finished at initial stages of sintering process. Addition of SiC causes a substantial increase in density of the sample to 99% of the theoretical powder containing 20% of silicon carbide, in comparison with samples ZrB[2] density not exceeding 76%. It has been shown that all defects which were accumulated during mechanical treatment anneal in hot pressure process and there are no any changes of CDD values in sintered ceramics. 
461 0 |0 (RuTPU)RU\TPU\network\2008  |t IOP Conference Series: Materials Science and Engineering 
463 0 |0 (RuTPU)RU\TPU\network\16647  |t Vol. 156 : Materials and Technologies of New Generations in Modern Materials Science  |o International Conference and Youth Scientific School, 9–11 June 2016, Tomsk, Russia  |o [proceedings]  |f National Research Tomsk Polytechnic University (TPU)  |v [012035, 4 p.]  |d 2016 
610 1 |a электронный ресурс 
610 1 |a труды учёных ТПУ 
610 1 |a композиционные материалы 
610 1 |a механическая обработка 
610 1 |a шаровые мельницы 
610 1 |a спекание 
610 1 |a порошки 
610 1 |a дефекты 
610 1 |a спеченные керамики 
701 1 |a Mirovoi  |b Yu. A. 
701 1 |a Burlachenko  |b A. G. 
701 1 |a Buyakova  |b S. P.  |c specialist in the field of material science  |c Professor of Tomsk Polytechnic University, Doctor of technical sciences  |f 1968-  |g Svetlana Petrovna  |3 (RuTPU)RU\TPU\pers\34758  |9 18108 
701 1 |a Sevostiyanova  |b I. N. 
701 1 |a Kulkov  |b S. N.  |c specialist in the field of material science  |c Professor of Tomsk Polytechnic University, Doctor of physical and mathematical sciences  |f 1952-  |g Sergey Nikolaevich  |3 (RuTPU)RU\TPU\pers\31428 
712 0 2 |a Национальный исследовательский Томский политехнический университет (ТПУ)  |b Институт физики высоких технологий (ИФВТ)  |b Кафедра материаловедения в машиностроении (ММС)  |3 (RuTPU)RU\TPU\col\18688 
801 2 |a RU  |b 63413507  |c 20170330  |g RCR 
856 4 |u http://dx.doi.org/10.1088/1757-899X/156/1/012035 
856 4 |u http://earchive.tpu.ru/handle/11683/36542 
942 |c CF